LDR 00952naa#a2200253#i#450# 001 RU\\bibl\103375 005 20260416063009.4 011 ## _a2308-4057 100 ## _a20260325b2026####ek#y0rusy0150####ca 101 0# _aENG 102 ## _aRU 200 1# _aEffect of cultivation conditions on polysaccharide synthesis by Skeletonema pseudocostatum _eЖурнальная статья 210 1# _aКемерово _cКемеровский государственный университет _d2026 215 ## _a8 с. 608 ## _aЖурнальная статья _2local 675 ## _aСельское хозяйство. Лесное хозяйство. Охота. Рыбное хозяйство. 63 _zENG 700 #1 _aDolganyuk _gVyacheslav F. 700 #1 _aKashirskikh _gEgor V. 700 #1 _aSukhikh _gStanislav A. 700 #1 _aKremleva _gOlga E. 700 #1 _aUlrikh _gElena V. 700 #1 _aMalkov _gDanil I. 700 #1 _aBabich _gOlga O. 856 4# _azh-szf.ru _u